|
|
|
|
| LEADER |
01097nam a2200301 a 4500 |
| 001 |
c000386239 |
| 003 |
CARM |
| 005 |
00000000000000.0 |
| 008 |
r19801978enka j 00010 eng d |
| 015 |
|
|
|a B7937416
|
| 019 |
1 |
|
|a 1840449
|5 LACONCORD2021
|
| 020 |
|
|
|a 086203003X :
|c £3.95
|
| 035 |
|
|
|a (OCoLC)16476979
|5 LACONCORD2021
|
| 040 |
|
|
|d XNTU
|
| 050 |
0 |
0 |
|a QH251
|
| 082 |
0 |
4 |
|a 779
|2 20
|
| 100 |
1 |
|
|a Grillone, Lisa.
|
| 245 |
1 |
0 |
|a Small worlds close up /
|c Lisa Grillone & Joseph Gennaro.
|
| 260 |
|
|
|a London :
|b Julia MacRae Books,
|c 1980.
|
| 300 |
|
|
|a [64] p. :
|b ill ;
|c 27 cm.
|
| 500 |
|
|
|a Micrographs. Collections. Juvenile literature (BNB/PRECIS)
|
| 500 |
|
|
|a Originally published : New York : Crown, 1978.
|
| 500 |
|
|
|a Available from 8 Cork St., W1X 2HA.
|
| 650 |
|
0 |
|a Photomicrography
|x Juvenile literature.
|
| 700 |
1 |
|
|a Gennaro, Joseph,
|
| 852 |
8 |
|
|b CARM
|h A3:AF24D0
|i E02368
|p 0477918
|f BK
|
| 999 |
f |
f |
|i bb21a451-8f88-5695-8ba7-3ee905109a8a
|s 98498f5d-7419-5537-b5be-07dc3a870ebf
|
| 952 |
f |
f |
|p Can circulate
|a CAVAL
|b CAVAL
|c CAVAL
|d CARM 1 Store
|e E02368
|f A3:AF24D0
|h Other scheme
|i book
|m 0477918
|